000 00465nam a22001457a 4500
003 OSt
005 20260112064605.0
008 260112b |||||||| |||| 00| 0 eng d
040 _aDWCL-Admin lib
_cOC
082 _aFil. 377.82 C286 2003
245 _a Catholic Educational Association of the Philippines :
_bnational and regional reports /
260 _aManila :
_bRex Book Store, Inc.,
_cc2003.
300 _a 94 p. ;
_c28 cm.
942 _2ddc
_cBK - FIL
_hFil.
_n0
999 _c7295
_d7295